Life brought to light / (Record no. 365)

MARC details
000 -LEADER
fixed length control field 00647cam a2200241Ia 4500
001 - CONTROL NUMBER
control field 18353
003 - CONTROL NUMBER IDENTIFIER
control field GBCCL
005 - DATE AND TIME OF LATEST TRANSACTION
control field 20241126110336.0
008 - FIXED-LENGTH DATA ELEMENTS--GENERAL INFORMATION
fixed length control field 910422q19801989txu 001 0 eng d
035 ## - SYSTEM CONTROL NUMBER
System control number (OCoLC)23590289
040 ## - CATALOGING SOURCE
Original cataloging agency PGC
Transcribing agency PGC
Modifying agency LBB
049 ## -
-- LBBK
082 ## - DEWEY DECIMAL CLASSIFICATION NUMBER
Classification number 234
Item number BES
092 0# - LOCALLY ASSIGNED DEWEY CALL NUMBER (OCLC)
Classification number 234
Item number B561l, 1980z
Edition number 20
100 1# - MAIN ENTRY--PERSONAL NAME
Personal name Best, W. E.
9 (RLIN) 453
245 10 - TITLE STATEMENT
Title Life brought to light /
Statement of responsibility, etc. by W.E. Best.
260 ## - PUBLICATION, DISTRIBUTION, ETC.
Place of publication, distribution, etc. Houston, Tex. :
Name of publisher, distributor, etc. South Belt Assembly of Christ,
Date of publication, distribution, etc. [198-?]
300 ## - PHYSICAL DESCRIPTION
Extent 189 p. ;
Dimensions 22 cm.
500 ## - GENERAL NOTE
General note Includes Scripture index.
650 #0 - SUBJECT ADDED ENTRY--TOPICAL TERM
Topical term or geographic name entry element Salvation.
9 (RLIN) 452
650 #0 - SUBJECT ADDED ENTRY--TOPICAL TERM
Topical term or geographic name entry element Christian life.
9 (RLIN) 183
942 ## - ADDED ENTRY ELEMENTS (KOHA)
Source of classification or shelving scheme Dewey Decimal Classification
Koha item type Books
Koha issues (borrowed), all copies 1
Holdings
Withdrawn status Lost status Source of classification or shelving scheme Damaged status Not for loan Home library Current Library Shelving location Date acquired Total checkouts Full call number Barcode Date last seen Date last checked out Copy number Price effective from Koha item type
    Dewey Decimal Classification     GRACE BIBLE COLLEGE GRACE BIBLE COLLEGE Theology 2016-10-21 1 234 BES 003167 2025-05-01 2017-09-11 c.1 2016-10-21 Books
    Dewey Decimal Classification     GRACE BIBLE COLLEGE GRACE BIBLE COLLEGE Theology 2016-10-21 2 234 BES 003168 2025-05-01 2018-10-04 c.2 2016-10-21 Books
    Dewey Decimal Classification     GRACE BIBLE COLLEGE GRACE BIBLE COLLEGE Theology 2017-08-14   234 BES 003169 2025-05-01   c.3 2017-08-14 Books
    Dewey Decimal Classification     GRACE BIBLE COLLEGE GRACE BIBLE COLLEGE Theology 2023-01-23   234 BES 020431 2025-05-01   c.4 2023-01-23 Books
© Grace Bible College Library 2025